ジョジョの奇妙な冒険 スタンド - Statistics

General Stats
  • This quiz has been taken 230 times
    225 since last reset
  • The average score is 46 of 155
Answer Stats
スタンド使い Answer % Correct
第3部 空条承太郎 スタープラチナ
92%
第3部 ジャン・ピエール・ポルナレフ シルバーチャリオッツ
84%
第3部 DIO ザ・ワールド
83%
第7部 ディエゴ ザ・ワールド
83%
第3部 ジョセフ・ジョースター ハーミットパープル
82%
第3部 モハメド・アヴドゥル マジシャンズレッド
80%
第3部 花京院典明 ハイエロファントグリーン
77%
第4部 東方仗助 クレイジー・ダイヤモンド
74%
第5部 ジョルノ・ジョバァーナ ゴールド・エクスペリエンス
72%
第4部 虹村億泰 ザ・ハンド
67%
第4部 吉良吉影 キラークイーン
67%
第8部 吉良吉影 キラークイーン
67%
第3部 イギー ザ・フール
64%
第4部 広瀬康一 エコーズ
64%
第4部 音石明 レッド・ホット・チリ・ペッパー
64%
第3部 ヴァニラ・アイス クリーム
62%
第4部 岸辺露伴 ヘブンズ・ドアー
59%
第3部 ホル・ホース エンペラー
57%
第5部 グイード・ミスタ セックス・ピストルズ
57%
第5部 ナランチャ・ギルガ エアロスミス
55%
第5部 ジョルノ・ジョバァーナ ゴールド・エクスペリエンス・レクイエム
55%
第6部 空条徐倫 ストーン・フリー
53%
第3部 グレーフライ タワー・オブ・グレー
51%
第5部 パンナコッタ・フーゴ パープル・ヘイズ
51%
第5部 ディアボロ キング・クリムゾン
51%
第4部 矢安宮重清 ハーヴェスト
50%
第5部 レオーネ・アバッキオ ムーディー・ブルース
49%
第5部 ギアッチョ ホワイト・アルバム
49%
第5部 ジャン・ピエール・ポルナレフ チャリオッツ・レクイエム
49%
第3部 マニッシュ・ボーイ 死神13(デスサーティーン)
49%
第3部 エンヤ婆 ジャスティス
47%
第3部 鋼入りの(スティーリー)ダン ラバーズ
47%
第4部 虹村形兆 バッド・カンパニー
47%
第5部 リゾット・ネエロ メタリカ
47%
第3部 J・ガイル ハングドマン
46%
第5部 チョコラータ グリーン・ディ
46%
第3部 ボインゴ トト神
45%
第3部 剣(キャラバン・サライ) アヌビス神
45%
第4部 噴上裕也 ハイウェイ・スター
45%
第3部 フォーエバー(オランウータン) ストレングス
43%
第5部 トリッシュ・ウナ スパイス・ガール
43%
第5部 イルーゾォ マン・イン・ザ・ミラー
42%
第5部 セッコ オアシス
42%
第3部 ラバーソール イエローテンパランス
41%
第6部 エルメェス・コステロ キッス
41%
第4部 小林玉美 ザ・ロック
39%
第5部 ポルポ ブラック・サバス
39%
第3部 アラビア・ファッツ サン
38%
第5部 ペッシ ビーチ・ボーイ
38%
第6部 F・F フー・ファイターズ
38%
第3部 ンドゥール ゲブ神
36%
第5部 プロシュート ザ・グレイトフル・デッド
36%
第6部 エンリコ・プッチ メイド・イン・ヘブン
36%
第4部 辻彩 シンデレラ
35%
第7部 ジョニィ・ジョースター タスク
35%
第6部 エンリコ・プッチ ホワイトスネイク
34%
第6部 ウェス・ブルーマリン ウェザー・リポート
34%
第3部 偽キャプテン・テニール ダークブルームーン
33%
第3部 ミドラー ハイプリエステス
33%
第4部 宮本輝之輔 エニグマ
33%
第5部 ブローノ・ブチャラティ スティッキィ・フィンガーズ
33%
第5部 カルネ ノトーリアス・B・I・G
33%
第3部 ネーナ エンプレス
32%
第3部 オインゴ クヌム神
32%
第4部 片桐安十郎 アクア・ネックレス
32%
第5部 サーレー クラフト・ワーク
32%
第5部 スコリッピ ローリング・ストーン(ズ)
32%
第3部 アレッシー セト神
31%
第5部 ホルマジオ リトル・フィート
31%
第3部 ペット・ショップ ホルス神
30%
第3部 呪いのデーボ エボニーデビル
29%
第3部 カメオ ジャッジメント
29%
第4部 山岸由花子 ラブ・デラックス
29%
第4部 鋼田一豊大 スーパーフライ
29%
第5部 メローネ ベイビィ・フェイス
29%
第6部 ナルシソ・アナスイ ダイバー・ダウン
29%
第3部 ズィー・ズィー ホウィール・オブ・フォーチュン
28%
第3部 ダニエル・J・ダービー オシリス神
28%
第4部 猫草(ストレイ・キャット) ストレイ・キャット
28%
第3部 マライア バステト女神
27%
第4部 乙雅三 チープ・トリック
27%
第4部 トニオ・トラサルディー パール・ジャム
26%
第5部 ティッツァーノ トーキング・ヘッド
25%
第8部 東方定助 ソフト&ウェット
25%
第4部 間田敏和 サーフィス
24%
第4部 虫喰い(ネズミ) ラット
23%
第5部 スクアーロ クラッシュ
23%
第6部 エンリコ・プッチ C-MOON
22%
第3部 テレンス・T・ダービー アトゥム神
21%
第4部 吉良吉廣 アトム・ハート・ファーザー
21%
第5部 マリオ・ズッケェロ ソフト・マシーン
20%
第6部 ケンゾー ドラゴンズ・ドリーム
20%
第4部 静・ジョースター(透明の赤ちゃん) アクトン・ベイビー
18%
第6部 ジョンガリ・A マンハッタン・トランスファー
18%
第6部 ミラション 取り立て人マリリン・マンソン
18%
第6部 ウンガロ ボヘミアン・ラプソディー
18%
第5部 ココ・ジャンボ(亀) ミスター・プレジデント
17%
第6部 グェス グーグー・ドールズ
17%
第3部 ケニー・G ティナー・サックス
16%
第6部 グッチョ サバイバー
16%
第7部 リンゴォ・ロードアゲイン マンダム
16%
第8部 透龍/明負悟 ワンダー・オブ・U
16%
第6部 DアンG ヨーヨーマッ
15%
第7部 ディ・ス・コ チョコレート・ディスコ
15%
第4部 大柳賢 ボーイ・Ⅱ・マン
14%
第4部 支倉未起隆 アース・ウインド・アンド・ファイヤー
14%
第7部 フェルディナンド博士 スケアリーモンスターズ
14%
第6部 ミュッチャー・ミューラー ジェイル・ハウス・ロック
13%
第7部 ポコロコ ヘイ・ヤー
13%
第7部 ファニー・ヴァレンタイン ディー・フォー・シー
13%
第7部 ジャイロ ボール・ブレイカー
13%
第8部 広瀬康穂 ペイズリー・パーク
13%
第6部 ラング・ラングラー ジャンピン・ジャック・フラッシュ
12%
第6部 リキエル スカイ・ハイ
12%
第6部 ウェス・ブルーマリン ヘビー・ウェザー
12%
第7部 サウンドマン イン・ア・サイレント・ウェイ
12%
第8部 作並カレラ ラブラブデラックス
12%
第8部 田最環 ビタミンC
12%
第7部 オエコモバ ボクのリズムを聴いてくれ
11%
第6部 ドナテロ・ヴェルサス アンダー・ワールド
10%
第7部 ブラックモア キャッチ・ザ・レインボー
10%
第6部 エンポリオ・アルニーニョ バーニング・ダウン・ザ・ハウス
9%
第6部 ヴィヴィアーノ・ウエストウッド プラネット・ウェイブス
9%
第7部 ホット・パンツ クリーム・スターター
9%
第8部 笹目桜二郎 ファン・ファン・ファン
9%
第8部 虹村京 ボーン・ディス・ウェイ
9%
第8部 東方憲助 キング・ナッシング
9%
第8部 東方つるぎ ペーパー・ムーン・キング
9%
第7部 マジェント・マジェント 20thセンチュリー・ボーイ
9%
第6部 サンダー・マックイイーン ハイウェイ・トゥ・ヘル
8%
第7部 アクセル・RO シビル・ウォー
8%
第6部 緑色の赤ちゃん グリーン・グリーン・グラス・オブ・ホーム
7%
第7部 マウンテン・ティム オー!ロンサム・ミー
7%
第7部 マイク・O チューブラー・ベルズ
7%
第8部 東方大弥 カリフォルニア・キング・ベッドちゃん
7%
第8部 東方常秀 ナット・キング・コール
7%
第8部 東方常敏 スピード・キング
7%
第6部 スポーツ・マックス リンプ・ビズキット
6%
第7部 シュガー・マウンテン シュガー・マウンテンの泉
6%
第7部 11人の男たち タトゥーユー!
6%
第8部 豆銑礼 ドギー・スタイル
6%
第7部 ポーク・パイ・ハット小僧 ワイアード
5%
第8部 八木山夜露 アイ・アム・ア・ロック
5%
第8部 大年寺山愛唱 ドゥービー・ワゥ!
5%
第8部 ドロミテ(泥駒政次) ブルー・ハワイ
5%
第8部 プアー・トム オゾン・ベイビー
5%
第8部 羽判穀 ドクター・ウー
5%
第8部 東山鳩 ウォーキング・ハート
4%
第8部 東方花都 スペース・トラッキング
4%
第8部 下里良/アーバン・ゲリラ ブレイン・ストーム
4%
第7部 ベンジャミン トゥーム・オブ・ザ・ブーム・ワン
3%
第7部 アンドレ トゥーム・オブ・ザ・ブーム・ツー
3%
第7部 L.A. トゥーム・オブ・ザ・ブーム・スリー
3%
第8部 東方密葉 アウェイキング・Ⅲリーブス
3%
第8部 エイ・フェックス兄弟 ショット・キーNo.1&No.2
2%
No matching quizzes found
Score Distribution
Percent of People with Each Score
Percentile by Number Answered
Your Score History
You have not taken this quiz since the last reset